000 00380nam a2200157Ia 4500
999 _c178
_d178
003 OSt
005 20191021133243.0
008 190722s9999 xx 000 0 und d
020 _a978-81-317-9027-4
040 _cmaju
100 _aYoung, Freedman
245 0 _aUniversity Physics (With Modern Physics)
260 _aNew Delhi
_bPearson
_c2014
300 _a1521
942 _cBK
_2ddc